[Event "Stay Safe Play From Home 267"]
[Site "Emanuel Lasker Arena"]
[Date "2020.06.30"]
[Round "1"]
[White "Haxhi Baha"]
[Black "Johni"]
[Result "0-1"]
[WhiteElo "2051"]
[BlackElo "1775"]
[Annotator "TA"]
[PlyCount "60"]
[EventDate "2020.06.30"]
[EventType "swiss (blitz)"]

{[%evp 9,60,14,9,-8,3,6,-7,-26,-19,-33,-42,-43,0,0,0,0,7,0,53,52,66,74,63,-17,0,-4,45,-129,-96,-471,-188,-555,-491,-959,-631,-1196,-563,-1206,-1191,-1126,-235,-302,-4,-201,-165,-696,-696,-629,-16,-285,-266,-29998,-29999]} 1. e4 c6 2. Nc3 d5 3. Nf3 dxe4 4. Nxe4 Nf6 5. Nc3 Bg4 6. Bc4 {B11: Caro-Kann: Two Knights Variation.} e6 7. h3 Bh5 {[#]} 8. g4 $146 {The position is equal.} ({Predecessor:} 8. d3 Nbd7 9. Bf4 Bb4 10. a3 Be7 11. g4 Bg6 12. Qe2 Nb6 13. Bb3 Nfd5 14. Be5 {1-0 (59) Vibbert,S (2316)-Mills,J (2097) Chicago 2017}) 8... Bg6 9. d3 Nbd7 10. Qe2 Nb6 11. Bb3 a5 12. a4 Bb4 13. Bd2 Nbd5 (13... Nbd7 $11) 14. Ne5 $1 $14 Nxc3 15. bxc3 Bd6 16. Nxg6 (16. h4 $14) 16... hxg6 $11 17. f4 O-O 18. O-O-O $2 (18. Qf3 $14 {keeps the upper hand.}) 18... b5 $17 19. f5 $2 {[%mdl 8192]} (19. Rde1 $17 {is tougher.}) 19... gxf5 $2 (19... Ba3+ 20. Kb1 bxa4 21. fxe6 Rb8 {[%mdl 64] Pin}) 20. gxf5 $2 (20. axb5 a4 21. Bc4) 20... bxa4 $19 21. Bxa4 (21. fxe6 $142 Ba3+ 22. Kb1) 21... Rb8 {[%cal Rd6a3]} 22. Bg5 {[#]} exf5 ({Weaker is} 22... Qb6 23. Bb3 $17) (22... Ne4 $142 $1 {[%mdl 512] ( -> ...Ba3#)} 23. Qxe4 (23. dxe4 Ba3#) 23... Qxg5+ {[%mdl 64] Double Attack} 24. Rd2 exf5 25. Qxc6 Bf4 $1 {[%mdl 512]}) 23. Rhg1 Re8 24. Qg2 {[#]} g6 $2 $40 {[%mdl 128] Black is out for blood.} (24... Ne4 $1 {[%cal Rd6a3][%mdl 512]} 25. Rde1 (25. dxe4 Ba3#) 25... Ba3+ 26. Kd1 Rb1+ 27. Ke2 Nxg5+ {[%mdl 64] Discovered Attack} 28. Kd2 Rexe1 29. Rxe1 Ne4+ 30. Qxe4 fxe4 31. Rxb1 Qg5+ 32. Ke2 Qg2+ {[%mdl 64] Double Attack} 33. Ke3 Bc5+ 34. d4 Bd6 35. Rg1 Qf3+ 36. Kd2 Bf4+ 37. Ke1 e3 38. Rf1 Bg3+ 39. Rf2 Bxf2+ {[%mdl 64] Discovered Attack} 40. Kf1 e2#) 25. Rdf1 Re6 $2 (25... Qc7 $19 26. Rxf5 Nd5) 26. Rxf5 $2 (26. Bb3 $1 $11 Ba3+ 27. Kd2 Rxb3 28. cxb3) 26... Be7 {White must now prevent ...Ne4.} 27. Bf4 $2 (27. Bb3 Rxb3 28. cxb3) 27... Ba3+ 28. Kd2 Bd6 $2 ({Black should play} 28... Ne4+ $1 $19 29. Ke3 Nxc3+ 30. Kf3 Bd6 31. Bxd6 Qxd6) 29. Bxd6 $4 {[%mdl 8192]} (29. Bb3 $11 Rxb3 30. cxb3) 29... Qxd6 30. Rf4 $2 (30. Rxf6 $19 Rxf6 31. Qg3) 30... Qxf4+ {[%mdl 64] Double Attack. Accuracy: White = 28%, Black = 37%.} 0-1

[Event "Stay Safe Play From Home 267"]
[Site "Emanuel Lasker Arena"]
[Date "2020.06.30"]
[Round "1"]
[White "Haris kollari 13"]
[Black "Tunca"]
[Result "0-1"]
[WhiteElo "1960"]
[BlackElo "1742"]
[Annotator "NA"]
[PlyCount "38"]
[EventDate "2020.06.30"]
[EventType "swiss (blitz)"]

1. e4 {[%emt 0:00:02]} e5 {[%emt 0:00:02]} 2. Nf3 {[%emt 0:00:01]} Nc6 {[%emt 0:00:01]} 3. Bb5 {[%emt 0:00:01]} Nf6 {[%emt 0:00:02]} 4. d3 {[%emt 0:00:02]} Bc5 {[%emt 0:00:03]} 5. O-O {[%emt 0:00:04]} d6 {[%emt 0:00:01]} 6. Bg5 {[%emt 0:00:02]} Be6 {[%emt 0:00:10]} 7. Nbd2 {[%emt 0:00:04]} h6 {[%emt 0:00:15]} 8. Bh4 {[%emt 0:00:02]} g5 {[%emt 0:00:01]} 9. Bg3 {[%emt 0:00:02]} Nh5 {[%emt 0:00:03]} 10. Qe2 {[%emt 0:00:09]} Nf4 {[%emt 0:00:03]} 11. Bxf4 {[%emt 0:00:01]} gxf4 {[%emt 0:00:01]} 12. c3 {[%emt 0:00:05]} Rg8 {[%emt 0:00:01]} 13. d4 {[%emt 0:00:06]} Bh3 {[%emt 0:00:13]} 14. Ne1 {[%emt 0:00:06]} Bb6 {[%emt 0:00:03]} 15. d5 {[%emt 0:00:15]} Qg5 {[%emt 0:00:05]} 16. Ndf3 {[%emt 0:00:11]} Qg4 {[%emt 0:00:06]} 17. g3 {[%emt 0:00:39]} fxg3 {[%emt 0:00:03]} 18. Kh1 {[%emt 0:00:09]} g2+ {[%emt 0:00:06]} 19. Kg1 {[%emt 0:00:02]} gxf1=Q# {[%emt 0:00:01] (Lag: Av=0.49s, max=0.6s)} 0-1

[Event "Stay Safe Play From Home 267"]
[Site "Emanuel Lasker Arena"]
[Date "2020.06.30"]
[Round "1"]
[White "Redrooster"]
[Black "Timbre"]
[Result "1-0"]
[WhiteElo "1886"]
[BlackElo "1626"]
[Annotator "NA RC"]
[PlyCount "97"]
[EventDate "2020.06.30"]
[EventType "swiss (blitz)"]

1. d4 {[%emt 0:00:01]} d5 {[%emt 0:00:02]} 2. c4 {[%emt 0:00:01]} c6 {[%emt 0:00:01]} 3. cxd5 {[%emt 0:00:01]} cxd5 {[%emt 0:00:02]} 4. Nc3 {[%emt 0:00:00]} Nc6 {[%emt 0:00:02]} 5. Nf3 {[%emt 0:00:02]} a6 {[%emt 0:00:02]} 6. Bf4 {[%emt 0:00:01]} Bf5 {[%emt 0:00:02]} 7. e3 {[%emt 0:00:03]} e6 {[%emt 0:00:01]} 8. Bd3 {[%emt 0:00:03]} Bg6 {[%emt 0:00:04]} 9. Bxg6 {[%emt 0:00:03]} hxg6 {[%emt 0:00:02]} 10. O-O {[%emt 0:00:07]} Bd6 {[%emt 0:00:02]} 11. Ne5 {[%emt 0:00:02]} Qc7 {[%emt 0:00:03]} 12. Rc1 {[%emt 0:00:07]} Qe7 {[%emt 0:00:13]} 13. h3 {[%emt 0:00:07]} Bxe5 {[%emt 0:00:03]} 14. dxe5 {[%emt 0:00:02]} Nh6 {[%emt 0:00:04]} 15. e4 {[%emt 0:00:11]} dxe4 {[%emt 0:00:03]} 16. Nxe4 {[%emt 0:00:02]} O-O {[%emt 0:00:01]} 17. Qd6 {[%emt 0:00:04]} Qxd6 {[%emt 0:00:03]} 18. Nxd6 {[%emt 0:00:04]} Rab8 {[%emt 0:00:08]} 19. Rfd1 {[%emt 0:00:07]} Nf5 {[%emt 0:00:02]} 20. Nxf5 {[%emt 0:00:12]} gxf5 {[%emt 0:00:02]} 21. h4 {[%emt 0:00:05]} g6 {[%emt 0:00:02]} 22. Rd7 {[%emt 0:00:03]} Rfd8 {[%emt 0:00:06]} 23. Rcd1 {[%emt 0:00:03]} Rxd7 {[%emt 0:00:01]} 24. Rxd7 {[%emt 0:00:02]} Nb4 {[%emt 0:00:02]} 25. a3 {[%emt 0:00:05]} Nd5 {[%emt 0:00:03]} 26. Bg5 {[%emt 0:00:01]} Kg7 {[%emt 0:00:04]} 27. g3 {[%emt 0:00:07]} b5 {[%emt 0:00:03]} 28. Ra7 {[%emt 0:00:03]} b4 {[%emt 0:00:06]} 29. Rxa6 {[%emt 0:00:02]} bxa3 {[%emt 0:00:02]} 30. bxa3 {[%emt 0:00:01]} Rb1+ {[%emt 0:00:07]} 31. Kg2 {[%emt 0:00:01]} Ra1 {[%emt 0:00:02]} 32. Ra8 {[%emt 0:00:06]} Ra2 {[%emt 0:00:05]} 33. Kf3 {[%emt 0:00:05]} Rc2 {[%emt 0:00:07]} 34. a4 {[%emt 0:00:03]} Rc3+ {[%emt 0:00:03]} 35. Kg2 {[%emt 0:00:03]} Ra3 {[%emt 0:00:02]} 36. a5 {[%emt 0:00:02]} Ra4 {[%emt 0:00:01]} 37. a6 {[%emt 0:00:02]} Ra5 {[%emt 0:00:02]} 38. a7 {[%emt 0:00:01]} Ra6 {[%emt 0:00:02]} 39. Kf1 {[%emt 0:00:05]} Ra1+ {[%emt 0:00:02]} 40. Ke2 {[%emt 0:00:01]} Ra2+ {[%emt 0:00:02]} 41. Kd3 {[%emt 0:00:02]} Ra4 {[%emt 0:00:10]} 42. Kc2 {[%emt 0:00:02]} Ra2+ {[%emt 0:00:13]} 43. Kb3 {[%emt 0:00:02]} Ra6 {[%emt 0:00:02]} 44. f4 {[%emt 0:00:09]} Ra1 {[%emt 0:00:06]} 45. Bd8 {[%emt 0:00:08]} Ra6 {[%emt 0:00:08]} 46. Kc4 {[%emt 0:00:02]} Ne3+ {[%emt 0:00:05]} 47. Kb5 {[%emt 0:00:02]} Ra1 {[%emt 0:00:03]} 48. Bf6+ {[%emt 0:00:02]} Kh7 {[%emt 0:00:02]} 49. Rh8# {[%emt 0:00:01] (Lag: Av=0.52s, max=0.7s)} 1-0

[Event "Stay Safe Play From Home 267"]
[Site "Emanuel Lasker Arena"]
[Date "2020.06.30"]
[Round "1"]
[White "Klasman"]
[Black "Lazieri3"]
[Result "0-1"]
[WhiteElo "1828"]
[BlackElo "2123"]
[Annotator "TA"]
[PlyCount "48"]
[EventDate "2020.06.30"]
[EventType "swiss (blitz)"]

{[%evp 9,48,-23,-24,-28,-28,-29,4,-57,0,0,0,0,25,21,29,-43,-16,-44,-41,-50,-44,-41,-35,-41,-35,-31,-26,-18,-26,-30,-29,-31,-34,-80,-39,-72,-56,-68,-22,-29986,-29987]} 1. f4 c6 2. c4 d5 3. cxd5 cxd5 4. d4 Nc6 5. Nf3 Nf6 6. e3 {A03: Bird's Opening with 1...d5.} Bf5 7. Qb3 {[#]} Qb6 $146 ({Predecessor:} 7... Rb8 8. Ne5 Bxb1 9. Rxb1 Ne4 10. Bb5 Rc8 11. O-O f6 12. Nxc6 bxc6 13. Bd3 f5 14. Bxe4 fxe4 {0-1 (53) Lepsenyi,L-Soreghy,J Hungary 1975}) 8. Bb5 (8. Qxb6 $11 axb6 9. Bb5) 8... Bd7 (8... e6 $15) 9. Nc3 $11 e6 10. Ne5 Nxe5 11. fxe5 Bxb5 12. Nxb5 (12. Qxb5+ $11 Nd7 13. Qxb6 Nxb6 14. Nb5) 12... Ne4 13. O-O Be7 $36 {[%mdl 2048] Black has some pressure.} 14. a4 O-O {[#] aiming for ...a6.} 15. a5 Qc6 16. Nc3 Nxc3 17. bxc3 Rac8 18. Bd2 f6 19. exf6 Bxf6 20. Rab1 Rc7 21. Rb2 h6 22. Qc2 e5 23. Qg6 exd4 24. exd4 $2 {[%mdl 8192] [#]} (24. cxd4 $11 Rff7 25. g3) 24... Bxd4+ $1 {[%mdl 576] Discovered Attack. Accuracy: White = 49%, Black = 63%.} 0-1

[Event "Stay Safe Play From Home 267"]
[Site "Emanuel Lasker Arena"]
[Date "2020.06.30"]
[Round "1"]
[White "Bruce09"]
[Black "Patzeroglu"]
[Result "0-1"]
[WhiteElo "1754"]
[BlackElo "1981"]
[Annotator "NA"]
[PlyCount "82"]
[EventDate "2020.06.30"]
[EventType "swiss (blitz)"]

1. d4 {[%emt 0:00:03]} e6 {[%emt 0:00:10]} 2. e4 {[%emt 0:00:03]} Nf6 {[%emt 0:00:00]} 3. Bg5 {[%emt 0:00:05]} h6 {[%emt 0:00:05]} 4. Bxf6 {[%emt 0:00:06]} Qxf6 {[%emt 0:00:00]} 5. Nf3 {[%emt 0:00:08]} d6 {[%emt 0:00:01]} 6. Nc3 {[%emt 0:00:02]} g6 {[%emt 0:00:09]} 7. Bb5+ {[%emt 0:00:11]} Nd7 {[%emt 0:00:07]} 8. O-O {[%emt 0:00:10]} Bg7 {[%emt 0:00:01]} 9. e5 {[%emt 0:00:05]} Qe7 {[%emt 0:00:04]} 10. Ne4 {[%emt 0:00:10]} O-O {[%emt 0:00:06]} 11. exd6 {[%emt 0:00:32]} cxd6 {[%emt 0:00:02]} 12. c3 {[%emt 0:00:02]} Rd8 {[%emt 0:00:11]} 13. h3 {[%emt 0:00:22]} Nf8 {[%emt 0:00:02]} 14. Nh2 {[%emt 0:00:09]} a6 {[%emt 0:00:01]} 15. Bd3 {[%emt 0:00:02]} f5 {[%emt 0:00:02]} 16. Nd2 {[%emt 0:00:04]} e5 {[%emt 0:00:02]} 17. dxe5 {[%emt 0:00:09]} dxe5 {[%emt 0:00:01]} 18. g4 {[%emt 0:00:01]} Qh4 {[%emt 0:00:06]} 19. Qf3 {[%emt 0:00:15]} e4 {[%emt 0:00:06]} 20. Nxe4 {[%emt 0:00:05]} fxe4 {[%emt 0:00:02]} 21. Bxe4 {[%emt 0:00:01]} Ne6 {[%emt 0:00:05]} 22. Bxg6 {[%emt 0:00:10]} Ng5 {[%emt 0:00:05]} 23. Qg3 {[%emt 0:00:10]} Qxg3+ {[%emt 0:00:05]} 24. fxg3 {[%emt 0:00:01]} Nxh3+ {[%emt 0:00:01]} 25. Kg2 {[%emt 0:00:01]} Ng5 {[%emt 0:00:01]} 26. Nf3 {[%emt 0:00:04]} Bxg4 {[%emt 0:00:04]} 27. Nxg5 {[%emt 0:00:02]} Rd2+ {[%emt 0:00:03]} 28. Kg1 {[%emt 0:00:03]} hxg5 {[%emt 0:00:01]} 29. Rae1 {[%emt 0:00:14]} Rf8 {[%emt 0:00:03]} 30. Rxf8+ {[%emt 0:00:07]} Bxf8 {[%emt 0:00:04]} 31. Re5 {[%emt 0:00:10]} Bf3 {[%emt 0:00:19]} 32. Rxg5 {[%emt 0:00:06]} Bh6 {[%emt 0:00:01]} 33. Re5 {[%emt 0:00:05]} Rxb2 {[%emt 0:00:02]} 34. Bf5 {[%emt 0:00:03]} Kg7 {[%emt 0:00:07]} 35. Be6 {[%emt 0:00:02]} Bc6 {[%emt 0:00:11]} 36. Rf5 {[%emt 0:00:03]} Be3+ {[%emt 0:00:03]} 37. Kf1 {[%emt 0:00:01]} Bb5+ {[%emt 0:00:02]} 38. c4 {[%emt 0:00:01]} Bc6 {[%emt 0:00:03]} 39. Rf7+ {[%emt 0:00:01]} Kg6 {[%emt 0:00:02]} 40. Rf8 {[%emt 0:00:03]} Be4 {[%emt 0:00:13]} 41. g4 {[%emt 0:00:01]} Bd3+ {[%emt 0:00:07] Bruce09 gibt auf (Lag: Av=1.81s, max=4.1s)} 0-1

[Event "Stay Safe Play From Home 267"]
[Site "Emanuel Lasker Arena"]
[Date "2020.06.30"]
[Round "1"]
[White "Erdema"]
[Black "Physikus"]
[Result "0-1"]
[WhiteElo "1636"]
[BlackElo "1918"]
[Annotator "TA"]
[PlyCount "148"]
[EventDate "2020.06.30"]
[EventType "swiss (blitz)"]

{[%evp 13,148,25,24,16,61,60,77,89,85,-40,51,7,9,11,58,61,65,58,56,56,104,80,88,52,215,42,354,344,329,170,163,31,30,-60,-16,-16,-16,-20,-25,-33,-40,-65,-70,-71,-71,-89,-89,-94,-94,-114,-115,-114,-105,-145,-116,-153,-114,-114,-114,-127,-114,-116,-108,-135,-116,-223,-210,-274,-191,-220,-157,-221,-168,-191,-152,-191,-156,-191,-176,-1754,-1425,-29981,-5740,-29969,-29970,-29976,-29973,-1630,-1535,-5639,-5539,-29985,-29986,-29986,-29987,-29985,-29986,-29986,-29987,-29990,-29991,-29991,-29992,-29992,-29993,-29993,-29992,-29992,-29993,-29993,-29994,-29994,-29993,-29994,-29994,-29994,-29994,-29994,-29995,-29996,-29996,-29999,-29995,-29995,-29995,-29995,-29996,-29996,-29996,-29996,-29996,-29996,0,-29996,-29996,-29996,-29996]} 1. e4 e5 2. Nf3 Nc6 3. Bc4 Bc5 4. d3 Nf6 5. O-O O-O 6. h3 d5 7. exd5 Nxd5 8. Nc3 {C24: Bishop's Opening: 2...Nf6.} Be6 9. Ng5 Nd4 10. Nxe6 {White is better.} fxe6 {[#]} 11. Be3 $146 (11. a4 $16) ({Predecessor:} 11. Ne4 Be7 12. c3 Nf5 13. Qh5 Qd7 14. Bg5 Nf6 15. Bxf6 gxf6 16. Qxf5 Kh8 17. Qxe6 {1-0 (17) Nguyen,Q-Ho Thi Anh,T Can Tho 2003}) 11... Kh8 (11... Nxe3 $15 12. fxe3 Rxf1+ 13. Kxf1 Kh8) 12. Bxd4 Bxd4 13. Ne4 Qh4 14. c3 Bb6 15. Qg4 $36 {[%mdl 2048] White is more active.} Qxg4 16. hxg4 Rf4 17. g5 Raf8 18. Rae1 Rg4 $2 (18... R4f5 $14) 19. Kh2 $2 (19. g3 $18) 19... Nf4 $2 {[%mdl 8192]} (19... Rh4+ $14 20. Kg1 Rhf4) 20. g3 $18 Nd5 21. f3 (21. Bxd5 $142 exd5 22. f3) 21... Ne3 {[#] Threatens to win with ...Rxe4.} 22. Rxe3 ({Don't play} 22. fxg4 $6 Rxf1 23. Rxf1 Nxf1+ 24. Kg2 Ne3+ 25. Kf3 Nxc4 $16) ({Don't do} 22. Bxe6 $6 Rxe4 23. dxe4 Nxf1+ 24. Rxf1 Be3 $16) (22. Rh1 $1 $18 Nxc4 23. fxg4 Nxb2 24. Ref1 Rxf1 25. Rxf1) 22... Bxe3 $14 23. Re1 ({Better is} 23. f4 $11) 23... Rxe4 24. dxe4 Bxg5 $15 {[%mdl 4096] Endgame KRB-KRB} 25. Kg2 Rd8 26. Re2 Rd6 27. Bb3 Kg8 28. Kf1 Kf7 29. Kg2 Ke7 30. Bc2 Bc1 31. b3 Bd2 32. c4 Bc3 33. Bb1 a5 34. Rc2 Rd2+ 35. Rxd2 Bxd2 $17 {KB-KB} 36. Bd3 Kd6 37. Kf2 Kc5 38. Ke2 Bc1 39. Kd1 {[#]} (39. Kf2 $17 {was worth a try.}) 39... Kd4 $1 $19 {[%cal Rd4d3]} 40. Kc2 Be3 41. Bf1 Bf2 42. g4 (42. Kd2 $17) 42... Be3 43. Kd1 Kc3 44. Ke2 Bf4 45. Bh3 Kb2 46. g5 $2 (46. Kd3) 46... Kxa2 47. Bxe6 Kxb3 (47... c5 $142 48. Bf5 Kxb3 49. Kd1 Bxg5 50. f4 a4 51. fxg5 a3 52. Ke2 a2 53. Bxh7 a1=Q 54. Bg8 Qg1 55. Bd5 Qxg5 56. Kd3 Qg2 57. Ke3 Kc2 58. Bf7 Kd1 59. Bh5+ Ke1 60. Bg4 Qf2+ 61. Kd3 Qd2#) 48. Bd5 c6 49. Be6 Bxg5 50. Bc8 b5 51. cxb5 cxb5 52. Be6+ Kc3 53. Kf2 Bf4 54. Bg8 h6 55. Ba2 b4 56. Bb1 b3 57. Kg2 a4 58. Kh3 a3 59. Kg4 a2 60. Bxa2 bxa2 {KB-KPP} 61. Kf5 a1=Q 62. Kg6 Qf1 63. Kxg7 Qxf3 64. Kf6 Qxe4 65. Ke6 Qc6+ 66. Kf5 Qd7+ 67. Ke4 Qh7+ 68. Kd5 Qf5 69. Kd6 e4+ 70. Ke7 Bg5+ 71. Kd6 Qf6+ 72. Kd5 Qf5+ 73. Kd6 Kd4 74. Kc6 Qc5+ {Quite a comeback for Black. Accuracy: White = 39%, Black = 54%.} 0-1

[Event "Stay Safe Play From Home 267"]
[Site "Emanuel Lasker Arena"]
[Date "2020.06.30"]
[Round "1"]
[White "Zeroalpharated"]
[Black "Ironmike"]
[Result "0-1"]
[WhiteElo "1318"]
[BlackElo "1850"]
[Annotator "NA RC"]
[PlyCount "98"]
[EventDate "2020.06.30"]
[EventType "swiss (blitz)"]
[BlackTeam "SV Horst-Emscher I"]

{- Dönges, Dirk (1820)} 1. c4 {[%emt 0:00:19]} b6 {[%emt 0:00:04]} 2. d4 {[%emt 0:00:09]} Bb7 {[%emt 0:00:02]} 3. Nc3 {[%emt 0:00:01]} f6 {[%emt 0:00:02]} 4. e4 {[%emt 0:00:01]} d6 {[%emt 0:00:01]} 5. Nf3 {[%emt 0:00:01]} e5 {[%emt 0:00:01]} 6. d5 {[%emt 0:00:01]} Ne7 {[%emt 0:00:03]} 7. Be3 {[%emt 0:00:02]} Nd7 {[%emt 0:00:02]} 8. Bd3 {[%emt 0:00:04]} c6 {[%emt 0:00:08]} 9. b4 {[%emt 0:00:02]} cxd5 {[%emt 0:00:01]} 10. Nxd5 {[%emt 0:00:02]} Nxd5 {[%emt 0:00:02]} 11. exd5 {[%emt 0:00:08]} Qe7 {[%emt 0:00:02]} 12. O-O {[%emt 0:00:03]} g6 {[%emt 0:00:02]} 13. Rc1 {[%emt 0:00:05]} Rc8 {[%emt 0:00:02]} 14. Qa4 {[%emt 0:00:04]} h5 {[%emt 0:00:06]} 15. Qxa7 {[%emt 0:00:04]} Ba8 {[%emt 0:00:04]} 16. a4 {[%emt 0:00:06]} e4 {[%emt 0:00:02]} 17. c5 {[%emt 0:00:05]} exf3 {[%emt 0:00:05]} 18. g3 {[%emt 0:00:08]} Bh6 {[%emt 0:00:08]} 19. c6 {[%emt 0:00:05]} Kf7 {[%emt 0:00:06]} 20. cxd7 {[%emt 0:00:02]} Rxc1 {[%emt 0:00:03]} 21. Rxc1 {[%emt 0:00:03]} Bxe3 {[%emt 0:00:02]} 22. Rc7 {[%emt 0:00:12]} Rd8 {[%emt 0:00:07]} 23. Rc8 {[%emt 0:00:23]} Bxd5 {[%emt 0:00:16]} 24. Rxd8 {[%emt 0:00:33]} Qxd8 {[%emt 0:00:01]} 25. fxe3 {[%emt 0:00:01]} Be6 {[%emt 0:00:12]} 26. Bb5 {[%emt 0:00:05]} g5 {[%emt 0:00:05]} 27. Qb7 {[%emt 0:00:06]} g4 {[%emt 0:00:02]} 28. Kf2 {[%emt 0:00:03]} Ke7 {[%emt 0:00:02]} 29. a5 {[%emt 0:00:24]} bxa5 {[%emt 0:00:02]} 30. bxa5 {[%emt 0:00:03]} Bxd7 {[%emt 0:00:01]} 31. Bxd7 {[%emt 0:00:02]} Qxd7 {[%emt 0:00:01]} 32. Qe4+ {[%emt 0:00:20]} Kd8 {[%emt 0:00:01]} 33. a6 {[%emt 0:00:07]} Qb5 {[%emt 0:00:05]} 34. Qa8+ {[%emt 0:00:04]} Kc7 {[%emt 0:00:01]} 35. Qb7+ {[%emt 0:00:01]} Qxb7 {[%emt 0:00:01]} 36. axb7 {[%emt 0:00:00]} Kxb7 {[%emt 0:00:00]} 37. e4 {[%emt 0:00:00]} Kc6 {[%emt 0:00:01]} 38. h3 {[%emt 0:00:01]} d5 {[%emt 0:00:01]} 39. hxg4 {[%emt 0:00:02]} hxg4 {[%emt 0:00:02]} 40. e5 {[%emt 0:00:02]} fxe5 {[%emt 0:00:01]} 41. Ke3 {[%emt 0:00:01]} e4 {[%emt 0:00:01]} 42. Kf2 {[%emt 0:00:00]} d4 {[%emt 0:00:01]} 43. Kf1 {[%emt 0:00:01]} e3 {[%emt 0:00:00]} 44. Kg1 {[%emt 0:00:02]} d3 {[%emt 0:00:01]} 45. Kh1 {[%emt 0:00:02]} d2 {[%emt 0:00:00]} 46. Kh2 {[%emt 0:00:02]} e2 {[%emt 0:00:05]} 47. Kh1 {[%emt 0:00:02]} e1=Q+ {[%emt 0:00:01]} 48. Kh2 {[%emt 0:00:01]} Qf2+ {[%emt 0:00:01]} 49. Kh1 {[%emt 0:00:01]} d1=Q# {[%emt 0:00:00] (Lag: Av=1.01s, max=2.4s)} 0-1

[Event "Stay Safe Play From Home 267"]
[Site "Emanuel Lasker Arena"]
[Date "2020.06.30"]
[Round "2"]
[White "Haxhi Baha"]
[Black "Bruce09"]
[Result "1-0"]
[WhiteElo "2022"]
[BlackElo "1746"]
[Annotator "NA"]
[PlyCount "47"]
[EventDate "2020.06.30"]
[EventType "swiss (blitz)"]

1. e4 {[%emt 0:00:01]} c5 {[%emt 0:00:22]} 2. Nf3 {[%emt 0:00:02]} d6 {[%emt 0:00:09]} 3. d4 {[%emt 0:00:01]} cxd4 {[%emt 0:00:01]} 4. Nxd4 {[%emt 0:00:00]} Nf6 {[%emt 0:00:01]} 5. Nc3 {[%emt 0:00:01]} g6 {[%emt 0:00:01]} 6. Be2 {[%emt 0:00:01]} Bg7 {[%emt 0:00:02]} 7. Be3 {[%emt 0:00:01]} O-O {[%emt 0:00:01]} 8. g4 {[%emt 0:00:00]} Nc6 {[%emt 0:00:02]} 9. g5 {[%emt 0:00:01]} Nd7 {[%emt 0:00:05]} 10. f4 {[%emt 0:00:02]} a6 {[%emt 0:00:19]} 11. h4 {[%emt 0:00:03]} Nxd4 {[%emt 0:00:09]} 12. Bxd4 {[%emt 0:00:00]} Bxd4 {[%emt 0:00:02]} 13. Qxd4 {[%emt 0:00:00]} Qb6 {[%emt 0:00:00]} 14. Qd2 {[%emt 0:00:10]} e5 {[%emt 0:00:39]} 15. f5 {[%emt 0:00:19]} Nc5 {[%emt 0:00:10]} 16. O-O-O {[%emt 0:00:11]} gxf5 {[%emt 0:00:03]} 17. Nd5 {[%emt 0:00:01]} Qd8 {[%emt 0:00:17]} 18. Nf6+ {[%emt 0:00:01]} Kh8 {[%emt 0:00:09]} 19. Bd3 {[%emt 0:00:17]} fxe4 {[%emt 0:00:15]} 20. Bxe4 {[%emt 0:00:33]} Nxe4 {[%emt 0:00:38]} 21. Nxe4 {[%emt 0:00:00]} Bf5 {[%emt 0:00:02]} 22. Nxd6 {[%emt 0:00:03]} Be6 {[%emt 0:00:05]} 23. Qe3 {[%emt 0:00:16]} Qe7 {[%emt 0:00:08] Bruce09 gibt auf} 24. Qxe5+ {[%emt 0:00:02] (Lag: Av=1.03s, max=1.9s)} 1-0

[Event "Stay Safe Play From Home 267"]
[Site "Emanuel Lasker Arena"]
[Date "2020.06.30"]
[Round "2"]
[White "Haris kollari 13"]
[Black "Erdema"]
[Result "1-0"]
[WhiteElo "1933"]
[BlackElo "1630"]
[Annotator "NA"]
[PlyCount "95"]
[EventDate "2020.06.30"]
[EventType "swiss (blitz)"]

1. e4 {[%emt 0:00:02]} e5 {[%emt 0:00:02]} 2. f4 {[%emt 0:00:02]} Nc6 {[%emt 0:00:02]} 3. Nf3 {[%emt 0:00:01]} d6 {[%emt 0:00:01]} 4. Bb5 {[%emt 0:00:02]} Bd7 {[%emt 0:00:02]} 5. O-O {[%emt 0:00:01]} Be7 {[%emt 0:00:02]} 6. d3 {[%emt 0:00:02]} Nf6 {[%emt 0:00:02]} 7. fxe5 {[%emt 0:00:05]} dxe5 {[%emt 0:00:02]} 8. Bxc6 {[%emt 0:00:02]} Bxc6 {[%emt 0:00:02]} 9. Nxe5 {[%emt 0:00:01]} Qd4+ {[%emt 0:00:02]} 10. Kh1 {[%emt 0:00:02]} Qxe5 {[%emt 0:00:02]} 11. Nc3 {[%emt 0:00:03]} O-O {[%emt 0:00:03]} 12. Bf4 {[%emt 0:00:02]} Qh5 {[%emt 0:00:04]} 13. Qd2 {[%emt 0:00:10]} Ng4 {[%emt 0:00:03]} 14. Bxc7 {[%emt 0:00:06]} Bg5 {[%emt 0:00:11]} 15. Qe2 {[%emt 0:00:04]} Qh4 {[%emt 0:00:04]} 16. Bg3 {[%emt 0:00:05]} Qh5 {[%emt 0:00:05]} 17. Rf5 {[%emt 0:00:11]} h6 {[%emt 0:00:05]} 18. h4 {[%emt 0:00:15]} Bd7 {[%emt 0:00:15]} 19. Rd5 {[%emt 0:00:06]} Be6 {[%emt 0:00:02]} 20. Rb5 {[%emt 0:00:04]} a6 {[%emt 0:00:09]} 21. Rc5 {[%emt 0:00:18]} Rac8 {[%emt 0:00:03]} 22. Rxc8 {[%emt 0:00:08]} Rxc8 {[%emt 0:00:02]} 23. Qe1 {[%emt 0:00:01]} Be3 {[%emt 0:00:06]} 24. Nd1 {[%emt 0:00:10]} Bd4 {[%emt 0:00:09]} 25. c3 {[%emt 0:00:01]} Be5 {[%emt 0:00:01]} 26. Bxe5 {[%emt 0:00:06]} Qxe5 {[%emt 0:00:02]} 27. g3 {[%emt 0:00:06]} b5 {[%emt 0:00:06]} 28. Kg2 {[%emt 0:00:02]} f5 {[%emt 0:00:03]} 29. d4 {[%emt 0:00:12]} Qd6 {[%emt 0:00:09]} 30. exf5 {[%emt 0:00:11]} Bd5+ {[%emt 0:00:08]} 31. Kh3 {[%emt 0:00:01]} Nf6 {[%emt 0:00:05]} 32. Qe5 {[%emt 0:00:01]} Rd8 {[%emt 0:00:05]} 33. Ne3 {[%emt 0:00:02]} Bf7 {[%emt 0:00:05]} 34. Re1 {[%emt 0:00:04]} Qc6 {[%emt 0:00:15]} 35. Qf4 {[%emt 0:00:28]} Nd5 {[%emt 0:00:09]} 36. Nxd5 {[%emt 0:00:02]} Qxd5 {[%emt 0:00:02]} 37. g4 {[%emt 0:00:12]} Qxa2 {[%emt 0:00:06]} 38. Re2 {[%emt 0:00:02]} Qd5 {[%emt 0:00:07]} 39. g5 {[%emt 0:00:02]} hxg5 {[%emt 0:00:03]} 40. hxg5 {[%emt 0:00:01]} Qd6 {[%emt 0:00:03]} 41. Qe5 {[%emt 0:00:02]} Qc6 {[%emt 0:00:13]} 42. g6 {[%emt 0:00:03]} Qf3+ {[%emt 0:00:08]} 43. Kh4 {[%emt 0:00:03]} Bc4 {[%emt 0:00:03]} 44. Re3 {[%emt 0:00:08]} Qf2+ {[%emt 0:00:03]} 45. Kg4 {[%emt 0:00:04]} Qg2+ {[%emt 0:00:06]} 46. Kf4 {[%emt 0:00:09]} Qxb2 {[%emt 0:00:10]} 47. Qe8+ {[%emt 0:00:01]} Rxe8 {[%emt 0:00:07]} 48. Rxe8# {[%emt 0:00:01] (Lag: Av=0.55s, max=1.2s)} 1-0